Honkai Star Rail - All Characters - Statistiques

Statistiques générales
  • Ce quiz a été pris 339 fois
  • Le résultat moyen est 47 sur 72
Statistiques - réponses
% Correct
Dan Heng
91%
Dan Heng - Imbibitor Lunae
91%
Bronya
85%
Kafka
85%
March 7th
84%
March 7th (Imaginary)
84%
Himeko
82%
Blade
81%
Robin
81%
Aventurine
80%
Sunday
80%
The Herta
80%
Welt
80%
Firefly
79%
Herta
79%
Gepard
78%
Seele
78%
Castorice
76%
Silver Wolf
76%
Mydei
74%
Acheron
73%
Anaxa
72%
Black Swan
72%
Feixiao
72%
Phainon
72%
Sparkle
72%
Clara
70%
Hyacine
69%
Gallagher
67%
Jing Yuan
67%
Tribbie
67%
Asta
66%
Dr. Ratio
66%
Luocha
64%
Aglaea
63%
Fu Xuan
63%
Serval
63%
Boothill
62%
Huohuo
62%
Lynx
62%
Tingyun
62%
Topaz
62%
Bailu
61%
Sampo
61%
Jingliu
60%
Ruan Mei
60%
Cipher
59%
Hook
59%
Moze
58%
Arlan
57%
Luka
57%
Natasha
57%
Argenti
56%
Jade
56%
Pela
56%
Rappa
56%
Yanqing
56%
Lingsha
55%
Fugue
54%
Trailblazer
50%
Trailblazer (Fire)
50%
Trailblazer (Ice)
50%
Trailblazer (Imaginary)
50%
Hanya
49%
Misha
49%
Guinaifen
48%
Jiaoqiu
47%
Yunli
47%
Xueyi
46%
Yukong
46%
Sushang
43%
Qingque
40%
Aucun quiz correspondant
Distribution des résultats
% des personnes avec chaque résultat
Percentile par nombre de réponses
Votre historique - résultats
Vous n’avez pas pris ce quiz